000 00565nam a2200133Ia 4500
008 171212s9999 xx 000 0 und d
020 _a9781925021271
245 _ceditor Dizon, Eusebio;Bellwood, Peter
_a4000 Years of Migration and Cultural Exchange
_bThe Archaeology of the Batanes Islands, Northern Philippines
260 _bANU E Press
_c2013
440 _aTerra Australis
650 _aArchaeology
650 _aPrehistoric peoples -- Philippines -- Batan Islands; Batan Islands (Philippines) -- Antiquities
856 _uhttp://www.jstor.org/stable/j.ctt5hgz91
999 _c350960
_d350960